000
00500nam a2200181Ia 4500
008
090123s9999 xx 000 0 und d
082
_b
8220
_a
891.463/नंदा
100
_a
नंदा गुलशन
245
_a
देव छाया
250
_a
0
260
_b
मनोरंजन
300
_a
161
600
_a
नंदा गुलशन
630
_a
देव छाया
700
_a
नंदा गुलशन
730
_a
देव छाया
942
_c
BOOK
999
_c
46286
_d
46286